000 00787nam a2200241Ia 4500
003 OSt
005 20220926015528.0
006 a|||||r|||| 00| 0
007 ta
008 220923b |||||||| |||| 00| 0 eng d
020 _a9781848852839
_c1302.8199999999999
037 _b5579, 19/08/2015, RAJKIRAN BOOK AGENCY
_cGeneral Book
040 _aRTL
_cRTL
_beng
041 _2eng
_aeng
082 _aY15:3(NL), Q0
100 _aPARKER Rozsika
_9322635
245 0 _aSubversive stitch
_b Embroidery and the making of the feminine
260 _aNew York
_bPalgrave Macmillian
_c2010
300 _axxii, 247p
_ccm.
650 _aSociology
942 _hY15:3(NL), Q0
_cGB
_2CC
999 _c631922
_d631922